| 000 | 00700nam a2200265Ia 4500 | ||
|---|---|---|---|
| 008 | 160803s9999 xx 000 0 und d | ||
| 020 | _a0439568676 (pbk.) | ||
| 100 | _aBarnes, Derrick | ||
| 245 | 4 | _aThe low-down, bad-day blues / | |
| 245 | _cby Derrick D. Barnes ; illustrated by Aaron Boyd. | ||
| 260 | _aNew York : | ||
| 260 | _bScholastic Inc. | ||
| 260 | _c2004 | ||
| 300 | _a32 pages : | ||
| 300 | _bcolor illustrations ; | ||
| 300 | _c23 cm. | ||
| 440 | _aJust for you! ; | ||
| 440 | _vLevel 1 | ||
| 650 | _aAfrican Americans -- | ||
| 650 | _aAttitude (Psychology) -- | ||
| 650 | _aStories in rhyme. | ||
| 650 | _xFiction. | ||
| 650 | _xFiction. | ||
| 700 | _a340 | ||
| 999 |
_c299197 _d299197 |
||